| 000 | 01382nam2a22002771 4500 | ||
|---|---|---|---|
| 001 | v19\rc\1632140 | ||
| 005 | 20250618233558.0 | ||
| 035 | _a(NLR Aleph) 004747225 | ||
| 090 |
_a4520474 _c4520474 |
||
| 100 | _a20061002d1899 |||y0rusy50 ca | ||
| 101 | 0 | _arus | |
| 102 | _aRU | ||
| 105 | _aa z ||||| | ||
| 200 | 1 | _aОбщая зоология | |
| 210 |
_d1899 _aБ. м. |
||
| 215 |
_a[4], 88 с. _cил. |
||
| 461 | 0 |
_1001v19\rc\1632139 _12001#$aМедицинская зоология$eСост. по лекциям проф. Н.А. Холодковского, П. Беркос, консерватор Зоол. музея Воен.-мед. акад. Вып. 1-$vВып. 1 _1700#1$aХолодковский$bН. А.$f1858-1921$3RU\NLR\AUTH\7789032$gНиколай Александрович _94520470 _aХолодковский, Н. А. (1858-1921) _cСанкт-Петербург _d1899 _nтип. П.П. Сойкина _oСост. по лекциям проф. Н.А. Холодковского, П. Беркос, консерватор Зоол. музея Воен.-мед. акад. Вып. 1- _tМедицинская зоология _vВып. 1 |
|
| 801 | 0 |
_aRU _bNLR _gpsbo |
|
| 801 | 0 |
_aRU _bRuMoRGB _2psbo |
|
| 801 | 1 |
_aRU _bProSoft-M _2rusmarc |
|
| 852 |
_aNLR _j18.189.6.2 |
||
| 899 |
_aRuMoRGB _jA 262/26 |
||
| 899 | _aБАН | ||
| 942 | _cBOOK | ||
| 980 | _aNB | ||